Statistics for Robert Frost - The Road Not Taken

Click here to take the quiz!

General Stats

  • This quiz has been taken 106 times
  • The average score is 103 of 144

Answer Stats

% Correct
a
93%
I
93%
I--
93%
the
93%
and
90%
And
90%
on
90%
no
87%
that
87%
wood,
87%
in
83%
In
83%
one
83%
To
83%
to
83%
travel
83%
Two
83%
could
80%
diverged
80%
roads
80%
was
80%
yellow
80%
all
77%
be
77%
difference.
77%
for
77%
less
77%
made
77%
not
77%
took
77%
as
73%
has
73%
traveled
73%
both
70%
by,
70%
it
70%
looked
70%
down
67%
far
67%
this
67%
about
63%
day!
63%
Had
63%
had
63%
long
63%
other,
63%
stood
63%
Then
63%
Though
63%
traveler,
63%
where
63%
fair,
60%
just
60%
should
60%
sorry
60%
there
60%
way,
60%
way
60%
with
60%
worn
60%
Because
57%
ever
57%
how
57%
same,
57%
them
57%
trodden
57%
wanted
57%
wear;
57%
ages
53%
another
53%
back.
53%
black.
53%
come
53%
equally
53%
grassy
53%
hence:
53%
lay
53%
leads
53%
leaves
53%
perhaps
53%
really
53%
shall
53%
sigh
53%
telling
53%
undergrowth;
53%
bent
50%
first
50%
if
50%
knowing
50%
morning
50%
passing
50%
Somewhere
50%
Yet
50%
better
47%
claim,
47%
having
47%
Oh,
47%
step
47%
doubted
43%
kept
37%

Score Distribution

Percentile by Number Answered

Percent of People with Each Score

Your Score History

You have not taken this quiz